Study guide and cases to accompany management : a quantitative perspective /

Guardado en:
Autor Principal: Loomba, N. Paul. 1927-
Otros Autores: Holsinger, A. O.
Formato: Libro
Idioma:English
Publicado: New York : Macmillan Publishing company, c1978.
Materias:
Etiquetas: Agregar Etiqueta
Sin Etiquetas, Sea el primero en etiquetar este registro!
LEADER 00782nam a22002055 4500
001 EAD.ead003196
008 080718s1978####xxu###########000#0#eng#d
005 20120615131757.0
245 1 0 |a Study guide and cases to accompany management :  |b a quantitative perspective /  |c prepared by N. Paul Loomba, A. O. Holsinger. 
260 |a New York :  |b Macmillan Publishing company,  |c c1978. 
300 |a v, 185 p. ;  |c 28 cm. 
020 |a 0023716703 
100 1 |a Loomba, N. Paul.  |q (Narendra Paul),  |d 1927- 
700 1 |a Holsinger, A. O. 
246 1 |a Management a quantitative perspective 
082 0 4 |a 658.4034  |2 21 
653 |a Métodos cuantitativos 
650 7 |a Toma de decisiones.  |2 unbist 
650 7 |a Estudios de casos.  |2 unbist 
859 |a AR-BaBDC  |b BIB. ADMINISTRACION - Libros  |h 658.4034  |i L873  |p b01186